<?xml version="1.0" encoding="UTF-8"?>
<marc:record xmlns:marc="http://www.loc.gov/MARC21/slim">
   <marc:leader>00000nam a2200000 a 4500</marc:leader>
   <marc:datafield ind1="1" ind2=" " tag="100">
      <marc:subfield code="a">Siegner, Ingo</marc:subfield>
      <marc:subfield code="4">aut</marc:subfield>
      <marc:subfield code="e">Verfasser/-in</marc:subfield>
   </marc:datafield>
   <marc:datafield ind1=" " ind2=" " tag="653">
      <marc:subfield code="a">Amerika</marc:subfield>
   </marc:datafield>
   <marc:datafield ind1=" " ind2=" " tag="653">
      <marc:subfield code="a">Wilder Westen</marc:subfield>
   </marc:datafield>
   <marc:datafield ind1=" " ind2=" " tag="653">
      <marc:subfield code="a">Drache</marc:subfield>
   </marc:datafield>
   <marc:datafield ind1=" " ind2=" " tag="653">
      <marc:subfield code="a">Indianer</marc:subfield>
   </marc:datafield>
   <marc:datafield ind1="0" ind2="0" tag="245">
      <marc:subfield code="a">Der kleine Drache Kokosnuss bei den Indianern</marc:subfield>
   </marc:datafield>
   <marc:datafield ind1="0" ind2="0" tag="245">
      <marc:subfield code="c">Siegner, Ingo</marc:subfield>
   </marc:datafield>
   <marc:datafield ind1=" " ind2="1" tag="264">
      <marc:subfield code="c">2011</marc:subfield>
   </marc:datafield>
   <marc:datafield ind1=" " ind2=" " tag="250">
      <marc:subfield code="a">1. Aufl.</marc:subfield>
   </marc:datafield>
   <marc:datafield ind1="1" ind2=" " tag="520">
      <marc:subfield code="a">Der Drache Kokosnuss erlebt mit seinen Freunden ein weiteres Abenteuer, als er bei den Indianern auf Büffeljagd geht.&#xD;
&#xD;
Der Fressdrache Oskar soll für seinen Vater Büffelfleisch besorgen. Dazu macht er sich auf den Weg in den Wilden Westen. Natürlich kommen seine Freunde, der Drache Kokosnuss und Stachelschwein Mathilda, mit. Doch so leicht ist es nicht, einen Büffel zu jagen, das stellen die drei Freunde bald am eigenen Leib fest. Als sie von Indianern gefangen und an den Marterpfahl gebunden werden, scheint die Lage für sie aussichtslos. Doch das Indianermädchen Wilde Hummel rettet die drei und hilft ihnen zu entkommen. Doch die Indianer nehmen die Verfolgung auf. Als die Indianer selbst in Gefahr geraten, helfen die drei Freunde ihren Verfolgern. Die Indianer werden gerettet und freunden sich mit Kokosnuss, Oskar und Mathilda an. Und auch für das Problem des Büffelfleischs für Oskars Vater findet Wilde Hummel eine vegetarische Lösung. - Eine weitere fantasievolle, spannende Geschichte um den Drachen Kokosnuss und seine Freunde. Erneut schaffen sie es mit Verstand und Witz zu helfen. Viele bunte Bilder unterstützen den Text und sprechen Kinder mit Sicherheit an.</marc:subfield>
   </marc:datafield>
   <marc:datafield ind1=" " ind2=" " tag="020">
      <marc:subfield code="a">9783570152812</marc:subfield>
      <marc:subfield code="9">9783570152812</marc:subfield>
   </marc:datafield>
   <marc:datafield ind1=" " ind2=" " tag="020">
      <marc:subfield code="a">3570152812</marc:subfield>
      <marc:subfield code="9">3570152812</marc:subfield>
   </marc:datafield>
   <marc:datafield ind1=" " ind2=" " tag="041">
      <marc:subfield code="a">ger</marc:subfield>
   </marc:datafield>
   <marc:datafield ind1=" " ind2=" " tag="338">
      <marc:subfield code="a">Band</marc:subfield>
   </marc:datafield>
   <marc:datafield ind1=" " ind2=" " tag="300">
      <marc:subfield code="a">68 Seiten</marc:subfield>
   </marc:datafield>
</marc:record>
